Тест по А. С. Пушкину - Statistics

General Stats
  • This quiz has been taken 386 times
  • The average score is 11 of 21
Answer Stats
Вопрос Ответ % Correct
Сколько детей было у Пушкина? 4
90%
Сколько лет было поэту, когда он сочинил свое первое стихотворение? 6 лет
89%
В каком возрасте умер поэт? 37 лет
80%
Кто стал соперником Пушкина на его финальной дуэли? Жорж Шарль Дантес
78%
В детстве за маленьким Александром проглядывала няня. Как ее звали? Арина Родионовна
77%
О каком городе идет речь в поэме Пушкина «Медный всадник»? Санкт-Петербург
76%
А в каком году, собственно, родился Пушкин? 1799
75%
Как зовут избранницу главного героя в произведении А. Пушкина «Евгений Онегин»? Татьяна
74%
В каком городе родился А.С. Пушкин? В Москве
69%
Какой предмет у Пушкина в лицее был самым нелюбимым? Математика
66%
К какому литературному жанру относится произведение А.С. Пушкина «Капитанская дочка»? Роман
66%
Как звали супругу Пушкина? Наталья Гончарова
57%
В 1820 году была опубликована первая крупная поэма Пушкина. Какая? «Руслан и Людмила»
45%
В скольких дуэлях участвовал Пушкин? 29
45%
Какое прозвище было у Пушкина в лицее? Француз
21%
Как назывался журнал, который издавал поэт? «Современник»
21%
Как звали жениха главной героини сказки Пушкина «О мертвой царевне и семерых богатырях»? Елисей
21%
Герой какой повести заблудился перед венчанием? «Метель»
15%
Сочетание каких карт обещало выигрыш в повести Пушкина «Пиковая дама»? Тройка, семёрка, туз
11%
Кто стыдит пирующих во время эпидемии в трагедии «Пир во время чумы»? Священник
4%
Какая деревня досталась в наследство Александру Пушкину от отца? Кистенёвка
2%
No matching quizzes found
Score Distribution
Percent of People with Each Score
Percentile by Number Answered
Your Score History
You have not taken this quiz